Prevod DNA informácie do hudby

Gespeichert in:
Bibliographische Detailangaben
1. Verfasser: Rybár, Alec (Verfasst von)
Weitere Verfasser: Sliacky, Ján (Betreuung Doktorarbeit)
Format: Manuskript Buch
Sprache:Slowakisch
Veröffentlicht: 2025
Schlagworte:
Online-Zugang:http://is.stuba.sk/zp/portal_zp.pl?podrobnosti=175354
Tags: Tag hinzufügen
Keine Tags, Fügen Sie das erste Tag hinzu!

MARC

LEADER 00000ntm a22000003a 4500
001 stuzp102829
003 SK-STU
005 20250614211520.8
007 ta
008 150427s2015----xo-----f-mn---000-0-slo-d
040 |a STU  |b slo 
041 0 |a slo 
100 1 |a Rybár, Alec  |u 070200  |4 aut  |U FIIT Fakulta informatiky a informačných technológií  |T FIIT Ústav informatiky, informačných systémov a softvérového inžinierstva  |X 115287  |U I200  |Y 179  |7 115287 
242 0 1 |a Conversion of DNA information into music  |y eng 
245 1 0 |a Prevod DNA informácie do hudby 
260 |c 2025 
650 4 |a Bioinformatics  |2 eng 
650 4 |a DNA  |2 eng 
650 4 |a Musical synthesis  |2 eng 
650 4 |a Hudobná syntéza  |2 slo 
650 4 |a Bioinformatika  |2 slo 
650 4 |a DNA  |2 slo 
700 1 |a Sliacky, Ján  |u 070200  |k Z8  |4 ths  |U FIIT Fakulta informatiky a informačných technológií  |T FIIT Ústav informatiky, informačných systémov a softvérového inžinierstva  |X 117515  |U I200  |Y 179  |7 117515 
856 4 |u http://is.stuba.sk/zp/portal_zp.pl?podrobnosti=175354